<?xml version='1.0' encoding='UTF-8'?>
  <record xmlns="http://www.loc.gov/MARC21/slim">
    <leader>00000nem a2200000 i 4500</leader>
    <controlfield tag="001">ocn980373914</controlfield>
    <controlfield tag="003">OCoLC</controlfield>
    <controlfield tag="005">20250305145739.9</controlfield>
    <controlfield tag="008">040623s1766    ne        a     0   dut d</controlfield>
    <datafield tag="040" ind1=" " ind2=" ">
      <subfield code="a">QGJ</subfield>
      <subfield code="b">dut</subfield>
      <subfield code="c">QGJ</subfield>
      <subfield code="d">OCLCO</subfield>
      <subfield code="d">OCLCL</subfield>
      <subfield code="d">OCLCQ</subfield>
    </datafield>
    <datafield tag="035" ind1=" " ind2=" ">
      <subfield code="a">(OCoLC)980373914</subfield>
    </datafield>
    <datafield tag="041" ind1=" " ind2=" ">
      <subfield code="a">dut</subfield>
    </datafield>
    <datafield tag="084" ind1=" " ind2=" ">
      <subfield code="a">74.20</subfield>
      <subfield code="2">bcl</subfield>
    </datafield>
    <datafield tag="245" ind1="0" ind2="0">
      <subfield code="a">Kaart van de rivier de Waal boven en beneden den mond van het Pannerdensche Canaal, met de peilingen door Beyerinck, Bolstra en Veltgen in november 1766, gedaan op een waters-hoogte van 2¾ tot 2½ voet aan de peilschaal in Arnhem; beneffens de middelen tot redres in december 1766. geprojecteerd door J. Lulofs en M. Bolstra, bestaande in een ryswerk van a tot b, in twee kribben A en B, en in een end dyks van c tot d.</subfield>
    </datafield>
    <datafield tag="255" ind1=" " ind2=" ">
      <subfield code="a">Schaal [ca. 1:12.500].</subfield>
    </datafield>
    <datafield tag="264" ind1=" " ind2="1">
      <subfield code="a">[Plaats van uitgave niet vastgesteld] :</subfield>
      <subfield code="b">[uitgever niet vastgesteld],</subfield>
      <subfield code="c">[ca. 1766]</subfield>
    </datafield>
    <datafield tag="300" ind1=" " ind2=" ">
      <subfield code="a">1 krt. :</subfield>
      <subfield code="b">kopergrav. ;</subfield>
      <subfield code="c">24 x 51 cm</subfield>
    </datafield>
    <datafield tag="336" ind1=" " ind2=" ">
      <subfield code="a">cartografische afbeelding</subfield>
      <subfield code="b">cri</subfield>
      <subfield code="2">rdacontent/dut</subfield>
    </datafield>
    <datafield tag="337" ind1=" " ind2=" ">
      <subfield code="a">zonder medium</subfield>
      <subfield code="b">n</subfield>
      <subfield code="2">rdamedia/dut</subfield>
    </datafield>
    <datafield tag="338" ind1=" " ind2=" ">
      <subfield code="a">vel</subfield>
      <subfield code="b">nb</subfield>
      <subfield code="2">rdacarrier/dut</subfield>
    </datafield>
    <datafield tag="500" ind1=" " ind2=" ">
      <subfield code="a">Links boven: Resol.ie 17 decemb.r 1766.</subfield>
    </datafield>
    <datafield tag="500" ind1=" " ind2=" ">
      <subfield code="a">Met schaalstok (vyf honderd 500 Rhynlandsche roeden).</subfield>
    </datafield>
    <datafield tag="562" ind1=" " ind2=" ">
      <subfield code="a">Binding note: ODZ 536 dl 18.</subfield>
      <subfield code="5">NL-UtRU</subfield>
    </datafield>
    <datafield tag="510" ind1="0" ind2=" ">
      <subfield code="a">Van den Brink (In een opslag van het oog), 187, nr. 108</subfield>
    </datafield>
    <datafield tag="500" ind1=" " ind2=" ">
      <subfield code="a">Illustrations: diepdruk / intaglio printing).</subfield>
    </datafield>
    <datafield tag="650" ind1=" " ind2="7">
      <subfield code="a">Diepte.</subfield>
      <subfield code="0">(NL-LeOCL)198479255.</subfield>
      <subfield code="2">gtt</subfield>
    </datafield>
    <datafield tag="651" ind1=" " ind2="7">
      <subfield code="a">Waal.</subfield>
      <subfield code="0">(NL-LeOCL)134589734.</subfield>
      <subfield code="2">gtt</subfield>
    </datafield>
    <datafield tag="651" ind1=" " ind2="7">
      <subfield code="a">Pannerdens kanaal.</subfield>
      <subfield code="0">(NL-LeOCL)146841026.</subfield>
      <subfield code="2">gtt</subfield>
    </datafield>
    <datafield tag="655" ind1=" " ind2="7">
      <subfield code="a">Kaarten (vorm)</subfield>
      <subfield code="0">(NL-LeOCL)088143554.</subfield>
      <subfield code="2">gtt</subfield>
    </datafield>
    <datafield tag="700" ind1="1" ind2=" ">
      <subfield code="a">Beijerinck, Frederik,</subfield>
      <subfield code="d">1694-1779.</subfield>
      <subfield code="1">https://id.oclc.org/worldcat/entity/E39PCjCCcb37rH7MQHCjHyTMbm</subfield>
    </datafield>
    <datafield tag="700" ind1="1" ind2=" ">
      <subfield code="a">Bolstra, Melchior,</subfield>
      <subfield code="d">1704-1779.</subfield>
      <subfield code="1">https://id.oclc.org/worldcat/entity/E39PCjH4Bfj7fqc39Jk9dCWTwP</subfield>
    </datafield>
    <datafield tag="700" ind1="1" ind2=" ">
      <subfield code="a">Veltgen, A. C.</subfield>
    </datafield>
    <datafield tag="700" ind1="1" ind2=" ">
      <subfield code="a">Lulofs, Johannes,</subfield>
      <subfield code="d">1711-1768.</subfield>
      <subfield code="1">https://id.oclc.org/worldcat/entity/E39PBJvMwhfh88J8RBJ9D3PYT3</subfield>
    </datafield>
    <datafield tag="700" ind1="1" ind2=" ">
      <subfield code="a">Motz, J. B. E. von</subfield>
      <subfield code="3">ex. ODZ 536,</subfield>
      <subfield code="e">former owner.</subfield>
      <subfield code="4">fmo</subfield>
      <subfield code="5">NL-UtRU</subfield>
    </datafield>
    <datafield tag="710" ind1="2" ind2=" ">
      <subfield code="a">Koninklijk Instituut van Ingenieurs</subfield>
      <subfield code="3">ex. ODZ 536</subfield>
      <subfield code="e">former owner.</subfield>
      <subfield code="4">fmo</subfield>
      <subfield code="5">NL-UtRU</subfield>
    </datafield>
    <datafield tag="758" ind1=" " ind2=" ">
      <subfield code="a">Kaart van de rivier de Waal boven en beneden den mond van het Pannerdensche Canaal, met de peilingen door Beyerinck, Bolstra en Veltgen in november 1766, gedaan op een waters-hoogte van 2 3/4 tot 2 1/2 voet aan de peilpaal in Arnhem; beneffens de middelen tot redres in december 1766, geprojecteerd door J. Lulofs en M. Bolstra, bestaande in een ryswerk van a tot b, in twee kribben A en B, en in een end dyks van c tot d (CartographicMaterial)</subfield>
      <subfield code="1">https://id.oclc.org/worldcat/entity/E39PCGJJbGP9wBGGJcY466kwhb</subfield>
      <subfield code="4">https://id.oclc.org/worldcat/ontology/hasWork</subfield>
    </datafield>
    <datafield tag="856" ind1="4" ind2="1">
      <subfield code="u">http://objects.library.uu.nl/reader/resolver.php?obj=002074155&amp;type=2</subfield>
      <subfield code="x">Online</subfield>
      <subfield code="z">Full Text</subfield>
    </datafield>
    <datafield tag="936" ind1=" " ind2=" ">
      <subfield code="a">BATCHLOAD</subfield>
    </datafield>
  </record>